Name Link Quiz - Statistics

General Stats
  • This quiz has been taken 31 times
  • The average score is 5 of 11
Answer Stats
Question Answer % Correct
UK's first female P.M? Margaret Thatcher
100%
Fresh Prince of Bel-Air? Will Smith
92%
US President famed for being peanut farmer? Jimmy Carter
77%
Actress famous for playing Princess Leia? Carrie Fisher
62%
TV Detective played by Angela Lansbury? Jessica Fletcher
46%
Actor famous for the film High Noon? Gary Cooper
31%
Drummer of Rock band Queen? Roger Taylor
31%
Scottish actor star of'Law Abiding Citizen'? Gerard Butler
27%
US Singer of King Of The Road? Roger Miller
27%
Actress who won Academy Award for Best Supporting Actress for 'Good Will Hunting'? Minnie Driver
23%
LINK Occupations
15%
No matching quizzes found
Score Distribution
Percent of People with Each Score
Percentile by Number Answered
Your Score History
You have not taken this quiz